000 00307nam a22001337a 4500
008 170412b xxu||||| |||| 00| 0 eng d
020 _a0721636683
041 _aeng
080 _a618
100 _a10
101 _aSHM
245 _aESSENTIAL OF OBSTRICS AND GYNECOLOGY
_cHACKER.N.F
942 _2udc
_cBK
999 _c10488
_d10488